Detalles MARC
| 001 - NÚMERO DE CONTROL |
| campo de control |
598252 |
| 005 - FECHA Y HORA DE LA ÚLTIMA TRANSACCIÓN |
| campo de control |
20260506084432.0 |
| 008 - DATOS DE LONGITUD FIJA--INFORMACIÓN GENERAL |
| campo de control de longitud fija |
000531s1961 spa |
| 035 ## - NÚMERO DE CONTROL DEL SISTEMA |
| Número de control de sistema |
598252 |
| 035 ## - NÚMERO DE CONTROL DEL SISTEMA |
| Número de control de sistema |
(OCoLC)777774050 |
| 040 ## - FUENTE DE LA CATALOGACIÓN |
| Centro/agencia transcriptor |
comduadb |
| 041 ## - CÓDIGO DE LENGUA |
| Código de lengua del texto/banda sonora o título independiente |
spa |
| 082 #4 - NÚMERO DE LA CLASIFICACIÓN DECIMAL DEWEY |
| Número de clasificación |
111 |
| 100 #0 - ENTRADA PRINCIPAL--NOMBRE DE PERSONA |
| Nombre de persona |
Laín Entralgo, Pedro, |
| Fechas asociadas al nombre |
1908-2001 |
| Código de función |
aut |
| Número de control del registro de autoridad o número normalizado |
(isni)0000 0001 0931 133X |
| -- |
(viaf)108328947 |
| Término indicativo de función/relación |
Autor/a |
| 9 (RLIN) |
316407 |
| 245 10 - MENCIÓN DE TÍTULO |
| Título |
Otredad y projimidad : v.2 |
| 260 ## - PUBLICACIÓN, DISTRIBUCIÓN, ETC. |
| Lugar de publicación, distribución, etc. |
Barcelona : |
| Nombre del editor, distribuidor, etc. |
Revista de Occidente, |
| Fecha de publicación, distribución, etc. |
1961. |
| 300 ## - DESCRIPCIÓN FÍSICA |
| Extensión |
358p. |
| 650 ## - PUNTO DE ACCESO ADICIONAL DE MATERIA--TÉRMINO DE MATERIA |
| Término de materia o nombre geográfico como elemento de entrada |
Ser (Filosofía) |
| 9 (RLIN) |
49614 |
| 650 ## - PUNTO DE ACCESO ADICIONAL DE MATERIA--TÉRMINO DE MATERIA |
| Término de materia o nombre geográfico como elemento de entrada |
Existencia |
| 9 (RLIN) |
24926 |
| 650 #7 - PUNTO DE ACCESO ADICIONAL DE MATERIA--TÉRMINO DE MATERIA |
| Término de materia o nombre geográfico como elemento de entrada |
Percepción |
| Fuente del encabezamiento o término |
lemb |
| 9 (RLIN) |
511 |
| 650 ## - PUNTO DE ACCESO ADICIONAL DE MATERIA--TÉRMINO DE MATERIA |
| Término de materia o nombre geográfico como elemento de entrada |
Percepción social |
| 9 (RLIN) |
10867 |
| 650 #7 - PUNTO DE ACCESO ADICIONAL DE MATERIA--TÉRMINO DE MATERIA |
| Término de materia o nombre geográfico como elemento de entrada |
Ontología |
| Fuente del encabezamiento o término |
lemb |
| 9 (RLIN) |
1524 |
| 650 ## - PUNTO DE ACCESO ADICIONAL DE MATERIA--TÉRMINO DE MATERIA |
| Término de materia o nombre geográfico como elemento de entrada |
Soledad (Psicología) |
| 9 (RLIN) |
1484 |
| 650 ## - PUNTO DE ACCESO ADICIONAL DE MATERIA--TÉRMINO DE MATERIA |
| Término de materia o nombre geográfico como elemento de entrada |
Enamoramiento |
| 9 (RLIN) |
1205 |
| 650 #7 - PUNTO DE ACCESO ADICIONAL DE MATERIA--TÉRMINO DE MATERIA |
| Término de materia o nombre geográfico como elemento de entrada |
Dios |
| Fuente del encabezamiento o término |
lemb |
| 9 (RLIN) |
1818 |
| 650 ## - PUNTO DE ACCESO ADICIONAL DE MATERIA--TÉRMINO DE MATERIA |
| Término de materia o nombre geográfico como elemento de entrada |
Persona |
| 9 (RLIN) |
62802 |
| 650 #7 - PUNTO DE ACCESO ADICIONAL DE MATERIA--TÉRMINO DE MATERIA |
| Término de materia o nombre geográfico como elemento de entrada |
Comunicación interpersonal |
| Fuente del encabezamiento o término |
lemb |
| 9 (RLIN) |
41078 |
| 650 #7 - PUNTO DE ACCESO ADICIONAL DE MATERIA--TÉRMINO DE MATERIA |
| Término de materia o nombre geográfico como elemento de entrada |
Amistad |
| Fuente del encabezamiento o término |
lemb |
| 9 (RLIN) |
1568 |
| 650 #7 - PUNTO DE ACCESO ADICIONAL DE MATERIA--TÉRMINO DE MATERIA |
| Término de materia o nombre geográfico como elemento de entrada |
Amor |
| Fuente del encabezamiento o término |
lemb |
| 9 (RLIN) |
467 |
| 650 #7 - PUNTO DE ACCESO ADICIONAL DE MATERIA--TÉRMINO DE MATERIA |
| Término de materia o nombre geográfico como elemento de entrada |
Relaciones interpersonales |
| Fuente del encabezamiento o término |
embne |
| 9 (RLIN) |
67694 |
| 650 #7 - PUNTO DE ACCESO ADICIONAL DE MATERIA--TÉRMINO DE MATERIA |
| Término de materia o nombre geográfico como elemento de entrada |
Otro (Filosofía) |
| Fuente del encabezamiento o término |
embne |
| 9 (RLIN) |
116259 |
| 942 ## - ELEMENTOS DE ENTRADA AGREGADA (KOHA) |
| Tipo de ítem Koha |
Libros |